| 000 | 00849nam a2200289Ia 4500 | ||
|---|---|---|---|
| 008 | 170203s9999 xx 000 0 und d | ||
| 020 | _a9780746077290 | ||
| 050 | _aFic | ||
| 050 | _bC877f | ||
| 100 | _aCox, Phil Roxbee, | ||
| 245 | _aFrog on a log / | ||
| 245 | _cPhil Roxbee Cox ; illustrated by Stephen Cartwright ; edited by Jenny Tyler ; language consultant, Marlynne Grant. | ||
| 260 | _aLondon : | ||
| 260 | _bUsborne Publishing, | ||
| 260 | _c2006 | ||
| 300 | _a16 pages : | ||
| 300 | _bcolor illustrations ; | ||
| 300 | _c21 cm. | ||
| 440 | _aUsborne phonics readers. | ||
| 500 | _a"There is a little yellow duck to find on every page." | ||
| 650 | _aFrogs -- | ||
| 650 | _aReading -- | ||
| 650 | _aToy and movable books. | ||
| 650 | _xFrogs. | ||
| 650 | _xJuvenile fiction. | ||
| 650 | _xPhonetic method. | ||
| 999 |
_c306376 _d306376 |
||